| 000 | 00463nam a2200133Ia 4500 | ||
|---|---|---|---|
| 008 | 160809s9999 xx 000 0 und d | ||
| 100 | _aTourigny, Louise. | ||
| 245 | _aOn the Retention of Younger Nurses | ||
| 245 | _cLouise Tourigny, Vishwanath V Baba and Terri Lituchy. | ||
| 260 | _bJournal of Nursing and Care | ||
| 260 | _cJuly 2016 | ||
| 650 | _xNURSING | ||
| 856 | _uhttp://www.omicsgroup.org/journals/ArchiveJNC/currentissue-nursing-care-open-access.php | ||
| 999 |
_c300184 _d300184 |
||